| 000 | 00443nam a2200181Ia 4500 | ||
|---|---|---|---|
| 005 | 20230327122003.0 | ||
| 008 | 131103s9999 xx 000 0 und d | ||
| 040 | _aLoreto College | ||
| 041 | _aEnglish | ||
| 082 |
_a822.91 _bRAT |
||
| 100 | _aRattigan, Terence | ||
| 245 |
_aSeparate tables _cTerence Rattigan |
||
| 260 |
_aLondon _bHamish Hamilton _c1959 |
||
| 300 | _a119p. | ||
| 650 | _aEnglish play | ||
| 850 | _aLCLIB | ||
| 942 | _cBK | ||
| 999 |
_c22086 _d72565 |
||